Games in Roblox - Statistics

General Stats
  • This quiz has been taken 14 times
  • The average score is 3 of 15
Answer Stats
upvote scores games % Correct
83.76% Adopt Me
58%
91.80% Murder Mystery 2/MM2
42%
94.61% Blox Fruits
33%
87.13% Brookhaven RP
25%
94.42% Doors
25%
83.14% BedWars
17%
94.94% Bee Swarm Simulator
17%
90.12% Piggy
17%
88.11% Welcome to Bloxburg
17%
91.70% 3008
8%
93.11% Build A Boat For Treasure
8%
87.07% Catalog Avatar Creator
8%
94.95% Evade
8%
92.31% Pet Simulator X
8%
96.59% Punch Wall Simulator
8%
No matching quizzes found
Score Distribution
Percent of People with Each Score
Percentile by Number Answered
Your Score History
You have not taken this quiz